The Best of Photojournalism 11 /
Fotografías ganadoras del 43° concurso de fotoperiodismo Picture of the Year, correspondiente al año de 1985, en sus diferentes categorías, organizado en conjunto por la National Press Photographers Association y por la Escuela de Periodismo de la Universidad de Missouri. Esta publicación, además de...
Guardat en:
| Autor corporatiu: | |
|---|---|
| Altres autors: | |
| Format: | Actes de congresos Llibre |
| Idioma: | anglès |
| Publicat: |
Seattle, EUA : Columbia, EUA :
National Press Photographers Association ; University of Missouri, School of Journalism,
1986, c1986
|
| Matèries: | |
| Etiquetes: |
Sense etiquetes, Sigues el primer a etiquetar aquest registre!
|
MARC
| LEADER | 00000nam^a2200000^a^4500 | ||
|---|---|---|---|
| 001 | 000443343 | ||
| 005 | 20250526000000.0 | ||
| 009 | 20260526145138.56 | ||
| 020 | |a 0-89471-469-4 | ||
| 037 | |a Acervo ITESO - Biblioteca | ||
| 041 | |a GRA | ||
| 041 | |a ING | ||
| 082 | |a 776. 5 |b BES 1986 | ||
| 240 | 1 | 1 | |a [Pictures of the Year] |
| 240 | 1 | 5 | |a [The Best of Photojournalism] |
| 245 | 0 | 4 | |a The Best of Photojournalism 11 / |c Ed. de C. Olson. |
| 264 | 4 | |a Seattle, EUA : |b National Press Photographers Association ; |a Columbia, EUA : |b University of Missouri, School of Journalism, |c 1986, c1986 | |
| 300 | |a 240 p. ; |c 30.0 cm. | ||
| 336 | |a texto |b txt |2 rdacontenido | ||
| 337 | |a sin mediación |b n |2 rdamedio | ||
| 338 | |a volumen |b nc |2 rdasoporte | ||
| 520 | |a Fotografías ganadoras del 43° concurso de fotoperiodismo Picture of the Year, correspondiente al año de 1985, en sus diferentes categorías, organizado en conjunto por la National Press Photographers Association y por la Escuela de Periodismo de la Universidad de Missouri. Esta publicación, además de ofrecer los resultados del premio, que reconoce las mejores imágenes publicadas en periódicos alrededor del mundo, es también un valioso recurso para fotógrafos y amantes de este arte. | ||
| 546 | |a Edición gráfica con texto en inglés | ||
| 649 | |a XX | ||
| 650 | |a Famosos - |x Fotografías | ||
| 650 | |a Moda | ||
| 650 | |a Promoción del Producto | ||
| 650 | |a Publicidad | ||
| 650 | |a Terremoto, 1985 - |x Fotografías | ||
| 650 | |a Terremotos - |z México - |x Historia - |y 1982-1988 | ||
| 650 | |a Desastres Naturales - |x Fotografías | ||
| 650 | |a Prácticas Culturales - |x Fotografías | ||
| 650 | |a Deportes - |x Fotografías | ||
| 650 | |a Retrato (Fotografía) | ||
| 650 | |a Fotografía en Blanco y Negro | ||
| 650 | |a Fotoperiodismo - |x Anuarios - |x Tema Principal | ||
| 650 | |a Fotoperiodismo - |x Publicaciones Periódicas Norteamericanas | ||
| 650 | |a Fotoperiodismo - |z EUA - |c Concursos - |x Tema Principal | ||
| 650 | |a Fotografía de la Naturaleza | ||
| 650 | |a Fotografía Callejera | ||
| 650 | |a Fotografía y Sociedad | ||
| 650 | |a Fotografía - |x Publicaciones Periódicas Norteamericanas | ||
| 650 | |a Arte y Sociedad | ||
| 650 | |a Arte - |x Publicaciones Periódicas Norteamericanas | ||
| 650 | |a Periodismo Gráfico | ||
| 650 | |a Comunicación Visual | ||
| 650 | |a Anuarios | ||
| 650 | |a Historia Moderna - |y 1980-1989 | ||
| 650 | |a Publicaciones Periódicas Norteamericanas | ||
| 711 | |a Pictures of the Year ( |n 43° : |d 1985 : |c EUA) | ||
| 700 | |a Olson, Cal |e (edición) | ||
| 910 | |a Fondo Pedro Valtierra | ||
| 920 | |a Impresos - Libros | ||
| 930 | |a Libros Antiguos y Raros | ||
| 905 | |a 129 | ||
| 901 | |a 0500365246 |b IT2 |c LRA |i D |u 20250526 | ||
| 902 | |a https://opac.biblio.iteso.mx/vufind/Record/000443343 | ||